000 004760000a22001930004500
001 004611
003 MACL
005 20150814141921.0
008 150814b xxu||||| |||| 00| 0 eng d
040 _aMACL
_cMACL
041 _aEnglish
082 _a491/RAY
100 _aRay Bidyut Lata,
_95587
245 _aPanini To Patanjali
_bA Grammatical March
260 _c2004
_bD.K.Printworld,
_aNew Delhi
350 _a300
650 _aLinguistics
_95588
942 _k491
_cBK
_2ddc
999 _c16498
_d16498